コメダ珈琲のある市町村 - Statistics

General Stats
  • This quiz has been taken 7 times
  • The average score is 213 of 467
Answer Stats
店舗数 Answer % Correct
12 札幌市
100%
3 旭川市
100%
5 仙台市
100%
2 郡山市
100%
1 いわき市
100%
1 福島市
100%
4 川口市
100%
4 所沢市
100%
2 川越市
100%
2 熊谷市
100%
1 上尾市
100%
1 朝霞市
100%
1 春日部市
100%
1 久喜市
100%
1 本庄市
100%
1 吉川市
100%
6 松戸市
100%
4 千葉市
100%
3 船橋市
100%
2 市川市
100%
2 木更津市
100%
1 我孫子市
100%
1 柏市
100%
1 習志野市
100%
1 成田市
100%
1 茂原市
100%
7 新宿区
100%
5 大田区
100%
5 杉並区
100%
4 葛飾区
100%
4 渋谷区
100%
4 町田市
100%
3 世田谷区
100%
2 足立区
100%
2 江戸川区
100%
2 国分寺市
100%
2 品川区
100%
2 千代田区
100%
2 練馬区
100%
2 八王子市
100%
2 武蔵野市
100%
1 昭島市
100%
1 あきる野市
100%
1 青梅市
100%
1 小金井市
100%
1 小平市
100%
1 調布市
100%
1 府中市
100%
1 三鷹市
100%
20 横浜市
100%
6 川崎市
100%
4 平塚市
100%
3 相模原市
100%
2 鎌倉市
100%
1 小田原市
100%
1 寒川町
100%
1 三浦市
100%
1 横須賀市
100%
1 甲府市
100%
1 長野市
100%
1 松本市
100%
1 伊東市
100%
109 名古屋市
100%
2 東海市
100%
5 松阪市
100%
1 橋本市
100%
1 江別市
50%
1 小樽市
50%
1 帯広市
50%
1 北見市
50%
1 千歳市
50%
1 苫小牧市
50%
1 函館市
50%
1 北斗市
50%
1 青森市
50%
1 八戸市
50%
3 盛岡市
50%
1 奥州市
50%
1 北上市
50%
1 石巻市
50%
1 大崎市
50%
1 富谷市
50%
1 名取市
50%
1 利府町
50%
2 秋田市
50%
1 横手市
50%
2 山形市
50%
1 酒田市
50%
1 鶴岡市
50%
1 天童市
50%
1 米沢市
50%
1 会津若松市
50%
1 白河市
50%
2 水戸市
50%
1 石岡市
50%
1 古河市
50%
1 土浦市
50%
1 ひたちなか市
50%
4 宇都宮市
50%
1 小山市
50%
1 栃木市
50%
1 那須塩原市
50%
1 真岡市
50%
2 高崎市
50%
2 前橋市
50%
1 伊勢崎市
50%
8 さいたま市
50%
2 入間市
50%
2 草加市
50%
1 加須市
50%
1 越谷市
50%
1 戸田市
50%
1 羽生市
50%
1 富士見市
50%
1 ふじみ野市
50%
1 三郷市
50%
2 浦安市
50%
1 旭市
50%
1 市原市
50%
1 印西市
50%
1 鎌ケ谷市
50%
1 佐倉市
50%
1 流山市
50%
1 八千代市
50%
6 江東区
50%
6 豊島区
50%
4 板橋区
50%
3 北区
50%
3 台東区
50%
2 多摩市
50%
2 中央区
50%
1 稲城市
50%
1 国立市
50%
1 墨田区
50%
1 中野区
50%
1 西東京市
50%
1 東村山市
50%
1 日野市
50%
1 文京区
50%
1 港区
50%
1 武蔵村山市
50%
1 目黒区
50%
4 藤沢市
50%
3 大和市
50%
2 海老名市
50%
1 厚木市
50%
1 伊勢原市
50%
1 大井町
50%
1 秦野市
50%
1 敦賀市
50%
1 昭和町
50%
1 笛吹市
50%
1 富士吉田市
50%
2 飯田市
50%
1 安曇野市
50%
1 伊那市
50%
1 上田市
50%
1 佐久市
50%
1 塩尻市
50%
1 諏訪市
50%
9 岐阜市
50%
2 大垣市
50%
2 各務原市
50%
2 可児市
50%
2 多治見市
50%
2 土岐市
50%
1 恵那市
50%
1 大野町
50%
1 関市
50%
1 高山市
50%
1 中津川市
50%
1 羽島市
50%
1 瑞浪市
50%
1 瑞穂市
50%
1 美濃加茂市
50%
7 浜松市
50%
6 静岡市
50%
3 沼津市
50%
2 掛川市
50%
2 藤枝市
50%
1 磐田市
50%
1 御殿場市
50%
1 島田市
50%
1 長泉町
50%
1 袋井市
50%
1 富士市
50%
1 富士宮市
50%
1 焼津市
50%
8 岡崎市
50%
7 刈谷市
50%
5 一宮市
50%
5 大府市
50%
5 豊田市
50%
5 豊橋市
50%
4 安城市
50%
4 春日井市
50%
4 小牧市
50%
4 半田市
50%
3 尾張旭市
50%
3 津島市
50%
3 豊川市
50%
3 西尾市
50%
3 日進市
50%
2 あま市
50%
2 稲沢市
50%
2 岩倉市
50%
2 蒲郡市
50%
2 清須市
50%
2 江南市
50%
2 瀬戸市
50%
2 常滑市
50%
2 長久手市
50%
1 愛西市
50%
1 阿久比町
50%
1 犬山市
50%
1 大治町
50%
1 北名古屋市
50%
1 幸田町
50%
1 新城市
50%
1 高浜市
50%
1 武豊町
50%
1 知多市
50%
1 知立市
50%
1 東郷町
50%
1 豊明市
50%
1 扶桑町
50%
1 碧南市
50%
1 みよし市
50%
1 弥富市
50%
5 四日市市
50%
4 津市
50%
3 伊勢市
50%
2 桑名市
50%
2 鈴鹿市
50%
1 伊賀市
50%
1 いなべ市
50%
1 尾鷲市
50%
1 亀山市
50%
1 菰野町
50%
1 志摩市
50%
1 名張市
50%
3 大津市
50%
3 草津市
50%
2 東近江市
50%
2 彦根市
50%
1 近江八幡市
50%
1 甲賀市
50%
1 湖南市
50%
1 長浜市
50%
1 野洲市
50%
1 栗東市
50%
14 京都市
50%
1 宇治市
50%
1 亀岡市
50%
1 木津川市
50%
1 京田辺市
50%
1 城陽市
50%
1 舞鶴市
50%
1 八幡市
50%
27 大阪市
50%
5 堺市
50%
5 枚方市
50%
4 高槻市
50%
4 東大阪市
50%
3 松原市
50%
3 八尾市
50%
2 茨木市
50%
2 摂津市
50%
2 豊中市
50%
2 箕面市
50%
1 池田市
50%
1 和泉市
50%
1 泉大津市
50%
1 大阪狭山市
50%
1 貝塚市
50%
1 河内長野市
50%
1 岸和田市
50%
1 泉南市
50%
1 吹田市
50%
1 大東市
50%
1 富田林市
50%
1 寝屋川市
50%
1 羽曳野市
50%
1 阪南市
50%
1 藤井寺市
50%
1 守口市
50%
13 神戸市
50%
5 尼崎市
50%
4 姫路市
50%
3 明石市
50%
3 伊丹市
50%
2 西宮市
50%
2 三木市
50%
1 赤穂市
50%
1 芦屋市
50%
1 淡路市
50%
1 加古川市
50%
1 加東市
50%
1 川西市
50%
1 三田市
50%
1 太子町
50%
1 高砂市
50%
1 たつの市
50%
1 丹波市
50%
1 豊岡市
50%
3 奈良市
50%
2 橿原市
50%
1 斑鳩町
50%
1 生駒市
50%
1 香芝市
50%
1 広陵町
50%
1 五條市
50%
1 御所市
50%
1 天理市
50%
3 和歌山市
50%
1 岩出市
50%
1 海南市
50%
1 御坊市
50%
1 新宮市
50%
1 田辺市
50%
2 鳥取市
50%
2 米子市
50%
1 倉吉市
50%
2 松江市
50%
1 出雲市
50%
1 浜田市
50%
1 益田市
50%
4 岡山市
50%
3 倉敷市
50%
2 津山市
50%
7 広島市
50%
5 福山市
50%
2 東広島市
50%
2 呉市
50%
1 尾道市
50%
1 廿日市市
50%
1 三原市
50%
2 下関市
50%
2 周南市
50%
2 山口市
50%
1 岩国市
50%
1 宇部市
50%
1 山陽小野田市
50%
1 防府市
50%
1 藍住町
50%
1 阿南市
50%
1 北島町
50%
1 小松島市
50%
1 徳島市
50%
1 鳴門市
50%
4 高松市
50%
2 丸亀市
50%
4 松山市
50%
1 今治市
50%
1 宇和島市
50%
1 西条市
50%
1 新居浜市
50%
15 福岡市
50%
10 北九州市
50%
3 熊本市
50%
1 釧路町
0%
1 牛久市
0%
1 鹿嶋市
0%
1 神栖市
0%
1 つくば市
0%
1 守谷市
0%
1 足利市
0%
1 鹿沼市
0%
1 佐野市
0%
1 下野市
0%
2 太田市
0%
1 館林市
0%
1 玉村町
0%
1 みどり市
0%
1 山武市
0%
4 新潟市
0%
2 上越市
0%
2 長岡市
0%
1 柏崎市
0%
1 三条市
0%
1 妙高市
0%
2 富山市
0%
1 魚津市
0%
1 高岡市
0%
1 砺波市
0%
4 金沢市
0%
1 かほく市
0%
1 小松市
0%
1 七尾市
0%
1 野々市市
0%
2 福井市
0%
1 越前市
0%
1 大野市
0%
1 小浜市
0%
1 鯖江市
0%
1 郡上市
0%
1 函南町
0%
1 湖西市
0%
1 裾野市
0%
1 牧之原市
0%
1 蟹江町
0%
1 泉佐野市
0%
1 吉野川市
0%
1 三豊市
0%
1 大洲市
0%
1 松前町
0%
4 高知市
0%
1 四万十市
0%
1 南国市
0%
2 久留米市
0%
1 朝倉市
0%
1 飯塚市
0%
1 大野城市
0%
1 春日市
0%
1 粕屋町
0%
1 新宮町
0%
1 筑後市
0%
1 筑紫野市
0%
1 那珂川市
0%
1 福津市
0%
1 水巻町
0%
1 宗像市
0%
1 柳川市
0%
1 行橋市
0%
1 唐津市
0%
1 佐賀市
0%
1 鳥栖市
0%
2 長崎市
0%
1 諫早市
0%
1 佐世保市
0%
1 時津町
0%
1 菊池市
0%
1 合志市
0%
1 八代市
0%
4 大分市
0%
1 中津市
0%
4 宮崎市
0%
1 延岡市
0%
1 日向市
0%
1 都城市
0%
5 鹿児島市
0%
1 姶良市
0%
1 出水市
0%
1 鹿屋市
0%
1 霧島市
0%
1 薩摩川内市
0%
1 南さつま市
0%
2 沖縄市
0%
1 糸満市
0%
1 浦添市
0%
1 うるま市
0%
1 北谷町
0%
1 南風原町
0%
15 台北市
0%
4 新北市
0%
4 台中市
0%
3 台南市
0%
2 高雄市
0%
1 嘉義市
0%
1 基隆市
0%
1 新竹市
0%
1 桃園市
0%
3 上海市
0%
2 九龍
0%
2 新界
0%
1 クタ
0%
1 デンパサール
0%
No matching quizzes found
Score Distribution
Percent of People with Each Score
Percentile by Number Answered
Your Score History
You have not taken this quiz